O stave a problémoch obnovy a reštaurovania kultúrnych a historických pamiatok v Mongolsku

Bibliographic Details
Main Author: Erdenebatem, U. (Author)
Format: Article
Language:Slovak
PhysicalDescription:Obr. 1.
Subjects:

MARC

LEADER 00000nab a2200000 a 4500
001 vtls000398809
003 SK-MaSNL
005 20260304081736.0
008 250424c xo 0 slo
015 |a SNBRB19rr/mm-uuuuu 
035 |a CL0398933 
035 |a urn:nbn:sk:snk-ab79yg 
035 |a (uuid)67e35388-6f9f-4cde-baca-16f210919808 
035 |a (urnnbn)urn:nbn:sk:snk:ar-a07cv3 
035 |a (sysno)vtls000398809 
040 |a SNKBUCL  |b slo  |c SNKBUCL  |e AACR2 
041 0 |a slo 
044 |a xo  |c SK 
080 |a 719(517.3)  |2 1981 
100 1 |a Erdenebatem, U.  |4 aut  |9 1370700 
245 1 0 |a O stave a problémoch obnovy a reštaurovania kultúrnych a historických pamiatok v Mongolsku  |c U. Erdenebatem 
300 |b Obr. 1. 
650 0 7 |a kultúrne pamiatky  |2 snkbucl  |9 2862 
650 0 7 |a historické pamiatky  |2 snkbucl  |9 75346 
655 7 |a články z novín a časopisov  |2 snkbucl  |9 267496 
773 0 |t Pamiatky súčasnosť  |g Roč. 1(21), č. 1 (1990), s. 19 
850 |a Slovenská národná knižnica 
852 |a Slovenská národná knižnica 
954 |a odborná, vedecká literatúra pôvodná (slovenská)  |2 lita 
958 |a article27 
958 |a RK 
958 |a OND 
958 |a EUIPO 
992 |a RBX 
999 |c 2792021  |d 2793951